00325nam a2200121Ia 4500008004100000040001700041041001200058082002200070100001900092245003700111260004000148300001500188230917s9999||||xx |||||||||||||| ||und|| e202722aMAIN aEnglish a910.1301446 J776J aJoshi, Hemlata 0aJanjatiyon ka bhaugolik adhyayan aJaipurbUniversity Book Housec2012 avi, 146 p.